constelações - Statistics

Estatísticas Gerais
  • Esse quiz foi jogado 8 vezes
  • A pontuação média é 8 de 87
Estatísticas das Respostas
Hint Resposta % Correto
c Cancer
57%
o Orion
57%
a Andromeda
43%
a Aries
43%
c Capricornus
43%
c Crux
43%
l Leo
43%
t Taurus
43%
u Ursa Major
43%
u Ursa Minor
43%
a Aquarius
29%
c Canis Major
29%
c Canis Minor
29%
d Draco
29%
g Gemini
29%
l Libra
29%
p Pisces
29%
s Sagitta
29%
v Virgo
29%
c Camelopardalis
14%
c Cassiopeia
14%
c Centaurus
14%
c Cepheus
14%
h Hercules
14%
l Lupus
14%
l Lynx
14%
p Perseus
14%
s Scorpion
14%
a Antlia
0%
a Aquila
0%
a Ara
0%
a Auriga
0%
b Boötes
0%
c Caelum
0%
c Canes Venatici
0%
c Carina
0%
c Cetus
0%
c Chamaleon
0%
c Circinus
0%
c Columba
0%
c Coma Berenices
0%
c Corona Australis
0%
c Corona Borealis
0%
c Corvus
0%
c Crater
0%
c Cygnus
0%
d Delphinus
0%
d Dorado
0%
e Equuleus
0%
e Eridanus
0%
f Fornax
0%
g Grus
0%
h Horologium
0%
h Hydra
0%
h Hydrus
0%
i Indus
0%
l Lacerta
0%
l Leo Minor
0%
l Lepus
0%
l Lyra
0%
m Mensa
0%
m Microscopium
0%
m Monoceros
0%
m Musca
0%
n Norma
0%
o Octans
0%
o Ophiucus
0%
p Pavo
0%
p Pegasus
0%
p Phoenix
0%
p Pictor
0%
p Piscis Austrinus
0%
p Puppis
0%
p Pyxis
0%
r Reticulum
0%
s Sagittarius
0%
s Sculptor
0%
s Scutum
0%
s Serpens
0%
s Sextans
0%
t Telescopium
0%
t Triangulum
0%
t Triangulum Australe
0%
t Tucana
0%
v Vela
0%
v Volans
0%
v Vulpecula
0%
Nenhum quiz correspondente encontrado
Distribuição das Pontuações
Porcentagem de Pessoas com Cada Pontuação
Percentil de Números Respondidos
Sua Pontuação Histórica
Você não jogou esse quiz